Tra Due Fuochi

সংরক্ষণ করুন:
গ্রন্থ-পঞ্জীর বিবরন
প্রধান লেখক: Norman Spinrad
বিন্যাস: গ্রন্থ
ভাষা:অজানা বা ভুল ভাষা
প্রকাশিত: Nord
ট্যাগগুলো: ট্যাগ যুক্ত করুন
কোনো ট্যাগ নেই, প্রথমজন হিসাবে ট্যাগ করুন!

MARC

LEADER 00000nam a2200000Ia 4500
001 R-1853
003 CODICE-MESSINA
005 20260212102523.0
008 260211s9999 xx 000 0 und d
040 |c importazione_messina 
100 |a Norman Spinrad 
245 0 |a Tra Due Fuochi 
260 |b Nord  
942 |2 ddc  |c BK 
952 |0 0  |1 0  |2 ddc  |4 0  |6 SCAFFALE_19_000000000000000__STANZA_2__ROMANZI  |7 0  |9 32693  |a ME  |b ME  |d 2026-02-11  |l 0  |o SCAFFALE 19 - STANZA 2 - ROMANZI  |p R-1853  |r 2026-02-11 23:53:20  |w 2026-02-11  |x [REVISIONARE]  |y BK 
999 |c 28360  |d 28360